000
00434nam a22001337a 4500
020
_a
9780349118826
082
_a
330.951
100
_a
Will Hutton
245
_a
The writing on the wall China and the west in the 21st century
260
_a
London
_b
Abacus
_c
2007
300
_a
436p
942
_c
BK
999
_c
3009
_d
3009